[Event "Bydgoszcz op-A"]
[Site "Bydgoszcz"]
[Date "2023.07.01"]
[Round "8"]
[White "Mulawa, Cyprian"]
[Black "Starosciak, Szymon"]
[Result "1-0"]
[WhiteElo "2175"]
[BlackElo "1928"]
[PlyCount "79"]
[EventDate "2023.06.24"]
[EventType "swiss"]
[EventRounds "9"]
[EventCountry "POL"]
[SourceTitle "CBM 215 Extra"]
[Source "ChessBase"]
[SourceDate "2023.09.30"]
[SourceVersion "1"]
[SourceVersionDate "2023.09.30"]
[SourceQuality "1"]

1. Nf3 Nf6 2. c4 e6 3. g3 d5 4. Bg2 c6 5. Qc2 Nbd7 6. d4 Bb4+ 7. Nbd2 0-0 8. 0-0 b6 9. e4 dxe4 10. Nxe4 Bb7 11. Bf4 Nxe4 12. Qxe4 Nf6 13. Qe2 Bd6 14. Ne5 Rc8 15. Rad1 Qe7 16. Bg5 c5 17. Bxb7 Qxb7 18. Bxf6 gxf6 19. Ng4 Qe7 20. dxc5 Rxc5 21. Nxf6+ Qxf6 22. Rxd6 Rfc8 23. b3 Qe5 24. Qg4+ Qg7 25. Qh4 Qg5 26. Qd4 Qe5 27. Rd1 Qxd4 28. R1xd4 b5 29. cxb5 Rxb5 30. Rd7 a5 31. Rg4+ Kf8 32. Rf4 f5 33. Rxh7 Rc1+ 34. Kg2 Rc2 35. Rd4 Rd5 36. Rxd5 exd5 37. Rh5 Ke7 38. Rxf5 Kd6 39. h4 Rxa2 40. h5 1-0

[Event "Bydgoszcz op-A"]
[Site "Bydgoszcz"]
[Date "2023.06.27"]
[Round "4"]
[White "Niharika, Challa"]
[Black "Starosciak, Szymon"]
[Result "0-1"]
[WhiteElo "2058"]
[BlackElo "1928"]
[PlyCount "56"]
[EventDate "2023.06.24"]
[EventType "swiss"]
[EventRounds "9"]
[EventCountry "POL"]
[SourceTitle "CBM 215 Extra"]
[Source "ChessBase"]
[SourceDate "2023.09.30"]
[SourceVersion "1"]
[SourceVersionDate "2023.09.30"]
[SourceQuality "1"]

1. e4 c5 2. Nf3 d6 3. d4 cxd4 4. Nxd4 Nf6 5. Nc3 Nc6 6. Bg5 e6 7. Qd2 a6 8. 0-0-0 Bd7 9. f3 Be7 10. h4 h6 11. Be3 h5 12. Kb1 Ne5 13. f4 Neg4 14. Bg1 Qc7 15. Be2 b5 16. a3 Rb8 17. Nf3 Bc6 18. Bd3 Qb7 19. Qe2 e5 20. fxe5 dxe5 21. Nd2 0-0 22. Nb3 b4 23. Na5 Qc7 24. Nxc6 bxc3 25. Nxb8 Rxb8 26. Bb5 Rxb5 27. b3 Bxa3 28. Qd3 Bb2 0-1

[Event "POL-ch U16"]
[Site "Jastrzebia Gora"]
[Date "2023.??.??"]
[Round "6"]
[White "Madej, Marek"]
[Black "Starosciak, Szymon"]
[Result "1/2-1/2"]
[WhiteElo "2052"]
[BlackElo "2037"]
[PlyCount "82"]
[EventDate "2023.03.11"]
[EventType "swiss"]
[EventRounds "9"]
[EventCountry "POL"]
[SourceTitle "CBM 213 Extra"]
[Source "ChessBase"]
[SourceDate "2023.05.31"]
[SourceVersion "1"]
[SourceVersionDate "2023.05.31"]
[SourceQuality "1"]

1. e4 c5 2. Nf3 Nc6 3. d4 cxd4 4. Nxd4 Nf6 5. Nc3 d6 6. f3 e5 7. Nb3 Be7 8. Be3 0-0 9. Qd2 a5 10. Bb5 Be6 11. 0-0-0 Nb4 12. a3 Qc7 13. Kb1 d5 14. Bg5 d4 15. Bxf6 gxf6 16. Nd5 Nxd5 17. exd5 Bf5 18. g4 Bg6 19. a4 Rfc8 20. Rc1 Qd6 21. h4 Qxd5 22. Ka2 Rc5 23. Qe2 Rac8 24. c4 dxc3 25. Rhd1 cxb2 26. Qxb2 Qe6 27. Bd7 Rc4 28. Ka1 Qxd7 29. Rxd7 Rxa4+ 30. Qa2 Rxa2+ 31. Kxa2 Rxc1 32. Nxc1 Bb4 33. h5 Bc2 34. h6 Kf8 35. Kb2 Bg6 36. Na2 Bc5 37. Rxb7 Be3 38. Rb8+ Ke7 39. Nc3 Bxh6 40. Rb6 Bd2 41. Nd5+ Kf8 1/2-1/2

[Event "Warsaw Najdorf Memorial op-A"]
[Site "Warsaw"]
[Date "2022.07.10"]
[Round "2"]
[White "Starosciak, Szymon"]
[Black "Fiedorek, Michal"]
[Result "1-0"]
[WhiteElo "1901"]
[BlackElo "2289"]
[PlyCount "81"]
[EventDate "2022.07.09"]
[EventType "swiss"]
[EventRounds "9"]
[EventCountry "POL"]
[SourceTitle "CBM 209 Extra"]
[Source "ChessBase"]
[SourceDate "2022.09.30"]
[SourceVersion "1"]
[SourceVersionDate "2022.09.30"]
[SourceQuality "1"]

1. e4 c5 2. Nf3 e6 3. d4 cxd4 4. Nxd4 a6 5. Bd3 Bc5 6. Nb3 Ba7 7. 0-0 Ne7 8. Qe2 0-0 9. Be3 Nbc6 10. Bxa7 Rxa7 11. c4 d6 12. Nc3 e5 13. Rfd1 Be6 14. Rd2 Ng6 15. Qe3 b6 16. Bf1 Qb8 17. Rad1 Rd7 18. Nd5 Bxd5 19. cxd5 Nce7 20. Rc1 Qb7 21. f3 Rc7 22. Rdc2 Rxc2 23. Rxc2 f5 24. g3 f4 25. Qc3 b5 26. Kg2 fxg3 27. hxg3 Qb6 28. Qc7 Qe3 29. Rc3 Qh6 30. Kf2 b4 31. Rc1 Rc8 32. Qxd6 Rxc1 33. Qe6+ Kf8 34. Nxc1 Qxc1 35. d6 Qd2+ 36. Kg1 Qe3+ 37. Kg2 Qd2+ 38. Kh3 Qh6+ 39. Kg4 Qh1 40. d7 h5+ 41. Kg5 1-0

[Event "Bydgoszcz op-A"]
[Site "Bydgoszcz"]
[Date "2022.06.28"]
[Round "4"]
[White "Chojnacki, Krzysztof"]
[Black "Starosciak, Szymon"]
[Result "1-0"]
[WhiteElo "2371"]
[BlackElo "1901"]
[PlyCount "97"]
[EventDate "2022.06.25"]
[EventType "swiss"]
[EventRounds "10"]
[EventCountry "POL"]
[SourceTitle "CBM 209 Extra"]
[Source "ChessBase"]
[SourceDate "2022.09.30"]
[SourceVersion "1"]
[SourceVersionDate "2022.09.30"]
[SourceQuality "1"]

1. d4 d5 2. c4 e6 3. Nc3 Nf6 4. cxd5 exd5 5. Bg5 c6 6. e3 Bd6 7. Bd3 0-0 8. Qc2 h6 9. Bh4 Re8 10. Nf3 Be6 11. 0-0 Nbd7 12. Rfe1 Qb8 13. Bg3 Bxg3 14. hxg3 Qd6 15. Rab1 a5 16. a3 Rec8 17. Rbc1 Bg4 18. Na4 Bxf3 19. gxf3 b6 20. Bf5 g6 21. Bxg6 fxg6 22. Qxg6+ Kf8 23. e4 dxe4 24. fxe4 Qxd4 25. e5 Ng4 26. Qf5+ Ke7 27. Red1 Qxf2+ 28. Qxf2 Nxf2 29. Rxd7+ Kxd7 30. Nxb6+ Ke6 31. Nxc8 Rxc8 32. Kxf2 c5 33. Ke3 Kxe5 34. Rh1 Kd5 35. Rxh6 Rb8 36. Rh2 Ke5 37. Kd3 Kd5 38. Rg2 c4+ 39. Kc2 Rb3 40. g4 a4 41. g5 c3 42. bxc3 Rxa3 43. Kd3 Rb3 44. g6 Rb8 45. g7 Rg8 46. c4+ Kc5 47. Kc3 a3 48. Rg5+ Kc6 49. Kb3 1-0

[Event "POL-ch U16"]
[Site "Sypniewo"]
[Date "2022.03.23"]
[Round "5"]
[White "Chyzy, Jakub"]
[Black "Starosciak, Szymon"]
[Result "1-0"]
[WhiteElo "2227"]
[BlackElo "1921"]
[PlyCount "89"]
[EventDate "2022.03.19"]
[EventType "swiss"]
[EventRounds "9"]
[EventCountry "POL"]
[SourceTitle "CBM 207 Extra"]
[Source "ChessBase"]
[SourceDate "2022.05.31"]
[SourceVersion "1"]
[SourceVersionDate "2022.05.31"]
[SourceQuality "1"]

1. e4 c5 2. Nf3 d6 3. d4 cxd4 4. Nxd4 Nf6 5. Nc3 Nc6 6. f3 Nxd4 7. Qxd4 g6 8. Be3 Bg7 9. Bc4 0-0 10. Qd2 Bd7 11. 0-0-0 Qc7 12. Bb3 b5 13. Bd4 b4 14. Bxf6 bxc3 15. Qxc3 Qxc3 16. Bxc3 Bxc3 17. bxc3 Be6 18. Bxe6 fxe6 19. Kd2 g5 20. h3 Rac8 21. Rb1 Rc7 22. Rb5 h6 23. Rhb1 Kf7 24. R1b3 Kg6 25. Rb7 Rfc8 26. a4 Kh5 27. g3 e5 28. a5 Rxb7 29. Rxb7 Rf8 30. Ke2 Rc8 31. Rxe7 Rxc3 32. Rxa7 Rxc2+ 33. Kd3 Rf2 34. Ke3 Ra2 35. a6 Ra3+ 36. Ke2 Ra2+ 37. Kd1 Rg2 38. Ke1 Rxg3 39. Kf2 Rxh3 40. Kg2 Rh4 41. Rf7 Kg6 42. Rf8 Kg7 43. Rf5 g4 44. a7 gxf3+ 45. Rxf3 1-0

[Event "POL-ch U16"]
[Site "Sypniewo"]
[Date "2022.03.20"]
[Round "2"]
[White "Starosciak, Szymon"]
[Black "Backiel, Hubert"]
[Result "1/2-1/2"]
[WhiteElo "1921"]
[BlackElo "2075"]
[PlyCount "49"]
[EventDate "2022.03.19"]
[EventType "swiss"]
[EventRounds "9"]
[EventCountry "POL"]
[SourceTitle "CBM 207 Extra"]
[Source "ChessBase"]
[SourceDate "2022.05.31"]
[SourceVersion "1"]
[SourceVersionDate "2022.05.31"]
[SourceQuality "1"]

1. d4 Nf6 2. c4 e6 3. Nf3 b6 4. g3 Bb7 5. Bg2 d5 6. cxd5 exd5 7. 0-0 Bd6 8. Nc3 a6 9. Ne5 Nbd7 10. Nxd7 Qxd7 11. Qb3 Qf5 12. Qa4+ Kf8 13. f3 Qg6 14. e4 dxe4 15. fxe4 Nxe4 16. Qd7 Re8 17. Bf4 Re7 18. Qd8+ Re8 19. Qd7 Re7 20. Qd8+ Re8 21. Qd7 Re7 22. Qd8+ Re8 23. Qd7 Re7 24. Qd8+ Re8 25. Qd7 1/2-1/2

[Event "Poronin Tatra Limba op"]
[Site "Poronin"]
[Date "2022.01.10"]
[Round "8"]
[White "Starosciak, Szymon"]
[Black "Reichel, Lukasz"]
[Result "1-0"]
[WhiteElo "1986"]
[BlackElo "1756"]
[PlyCount "65"]
[EventDate "2022.01.06"]
[EventType "swiss"]
[EventRounds "9"]
[EventCountry "POL"]
[SourceTitle "CBM 206 Extra"]
[Source "ChessBase"]
[SourceDate "2022.03.31"]
[SourceVersion "1"]
[SourceVersionDate "2022.03.31"]
[SourceQuality "1"]

1. e4 c5 2. Nf3 d6 3. d4 cxd4 4. Nxd4 Nf6 5. Nc3 a6 6. h3 e5 7. Nb3 Be6 8. Be3 Nbd7 9. f4 exf4 10. Bxf4 Ne5 11. Qe2 Be7 12. 0-0-0 Qc7 13. g4 b5 14. g5 Nfd7 15. Nd5 Bxd5 16. exd5 0-0 17. Kb1 Rfe8 18. Qg2 Bf8 19. Nd4 g6 20. h4 Rac8 21. h5 Bg7 22. hxg6 hxg6 23. Rh4 Qc5 24. Qh2 Nc4 25. Nb3 Qb6 26. Bxc4 bxc4 27. Rh1 f5 28. Rh7 Ne5 29. Rxg7+ Kxg7 30. Qh7+ Kf8 31. Qh8+ Ke7 32. Qf6+ Kd7 33. Rh7+ 1-0

[Event "POL-ch U20"]
[Site "Pokrzywna"]
[Date "2020.12.05"]
[Round "8"]
[White "Starosciak, Szymon"]
[Black "Szczurek, Krzysztof"]
[Result "1-0"]
[WhiteElo "1864"]
[BlackElo "2031"]
[PlyCount "93"]
[EventDate "2020.11.30"]
[EventType "swiss"]
[EventRounds "9"]
[EventCountry "POL"]
[SourceTitle "CBM 199 Extra"]
[Source "ChessBase"]
[SourceDate "2021.01.31"]
[SourceVersion "1"]
[SourceVersionDate "2021.01.31"]
[SourceQuality "1"]

1. e4 c5 2. Nf3 d6 3. d4 cxd4 4. Nxd4 Nf6 5. Nc3 a6 6. f3 e5 7. Nb3 Be6 8. Be3 Be7 9. Qd2 0-0 10. 0-0-0 b5 11. g4 Nbd7 12. g5 b4 13. Ne2 Ne8 14. f4 a5 15. f5 Bxb3 16. cxb3 a4 17. bxa4 Rxa4 18. f6 Nexf6 19. gxf6 Nxf6 20. Kb1 Qa8 21. Nc1 Nxe4 22. Qd5 Qxd5 23. Rxd5 f5 24. Bg2 Nf6 25. Bg5 h6 26. Bxf6 Rxf6 27. Rb5 e4 28. Rf1 g6 29. Ne2 d5 30. Rxd5 Rfa6 31. Rd7 Bg5 32. h4 Bxh4 33. Rc1 Ra8 34. Rcc7 Bf6 35. Nc1 h5 36. Bf1 b3 37. axb3 Rb4 38. Bc4+ Rxc4 39. Rxc4 h4 40. Rc6 Rf8 41. Ne2 h3 42. Rd1 g5 43. Ng3 Be7 44. Rc7 Bf6 45. Nxf5 Rb8 46. Nh6+ Kh8 47. Rdd7 1-0

[Event "Rubinstein Memorial 56th"]
[Site "Polanica Zdroj"]
[Date "2020.08.22"]
[Round "8"]
[White "Starosciak, Szymon"]
[Black "Turski, Bartlomiej"]
[Result "1/2-1/2"]
[WhiteElo "1850"]
[BlackElo "1985"]
[PlyCount "48"]
[EventDate "2020.08.15"]
[EventType "swiss"]
[EventRounds "9"]
[EventCountry "POL"]
[SourceTitle "CBM 197 Extra"]
[Source "ChessBase"]
[SourceDate "2020.09.30"]
[SourceVersion "1"]
[SourceVersionDate "2020.09.30"]
[SourceQuality "1"]

1. e4 c5 2. Nf3 e6 3. d4 cxd4 4. Nxd4 Bc5 5. Nb3 Bb6 6. Bd3 Ne7 7. 0-0 0-0 8. Nc3 Nbc6 9. Qe2 d5 10. exd5 exd5 11. Qh5 h6 12. Bf4 Nb4 13. Rad1 Nxd3 14. Rxd3 Bf5 15. Rd2 Qd7 16. h3 Rac8 17. Rfd1 Rfd8 18. Qf3 Qc6 19. Qe2 Be6 20. Nb5 Nf5 21. c3 Qc4 22. Qxc4 Rxc4 23. N5d4 Nxd4 24. Nxd4 Bxd4 1/2-1/2

[Event "Rubinstein Memorial 56th"]
[Site "Polanica Zdroj"]
[Date "2020.08.16"]
[Round "2"]
[White "Starosciak, Szymon"]
[Black "Dahl, Christoph"]
[Result "0-1"]
[WhiteElo "1850"]
[BlackElo "2228"]
[PlyCount "50"]
[EventDate "2020.08.15"]
[EventType "swiss"]
[EventRounds "9"]
[EventCountry "POL"]
[SourceTitle "CBM 197 Extra"]
[Source "ChessBase"]
[SourceDate "2020.09.30"]
[SourceVersion "1"]
[SourceVersionDate "2020.09.30"]
[SourceQuality "1"]

1. e4 c5 2. Nf3 d6 3. d4 cxd4 4. Nxd4 Nf6 5. Nc3 a6 6. f3 e6 7. Be3 b5 8. Qd2 Nbd7 9. 0-0-0 Bb7 10. Bd3 Nb6 11. g4 Nfd7 12. Kb1 Rc8 13. g5 Ne5 14. b3 d5 15. exd5 Bb4 16. Nc6 Bxc6 17. dxc6 Nd5 18. c7 Qd7 19. Bd4 Bxc3 20. Bxc3 Nxf3 21. Qf2 Nxc3+ 22. Kc1 Nxd1 23. Rxd1 Ne5 24. Bxb5 Qxb5 25. Qd4 0-0 0-1

[Event "POL-ch U20"]
[Site "Ustron"]
[Date "2019.11.29"]
[Round "8"]
[White "Adamczewski, Maciej"]
[Black "Starosciak, Szymon"]
[Result "0-1"]
[WhiteElo "2095"]
[BlackElo "1714"]
[PlyCount "82"]
[EventDate "2019.11.23"]
[EventType "swiss"]
[EventRounds "9"]
[EventCountry "POL"]
[SourceTitle "CBM 193 Extra"]
[Source "ChessBase"]
[SourceDate "2020.01.31"]
[SourceVersion "1"]
[SourceVersionDate "2020.01.31"]
[SourceQuality "1"]

1. d4 d5 2. c4 c6 3. Nc3 Nf6 4. Nf3 e6 5. e3 Nbd7 6. Bd3 dxc4 7. Bxc4 b5 8. Bd3 Bb7 9. 0-0 Be7 10. b3 0-0 11. Bb2 b4 12. Ne2 c5 13. Ng3 Rc8 14. Qe2 Qb6 15. Ne5 Nxe5 16. dxe5 Nd5 17. Qh5 g6 18. Qe2 Rfd8 19. Ne4 Qc6 20. f3 Qb6 21. Bc4 Qa5 22. Rac1 Nb6 23. Nf6+ Bxf6 24. exf6 Nxc4 25. Qxc4 Rd5 26. Qf4 Qd8 27. e4 Rd3 28. Rc2 Ba6 29. Rfc1 Qf8 30. Be5 h6 31. Bc7 c4 32. Be5 c3 33. h4 Kh7 34. Kh2 Bb5 35. a3 a5 36. Bc7 a4 37. axb4 axb3 38. Rxc3 b2 39. Rxd3 bxc1Q 40. Qxc1 Bxd3 41. Qc6 Qd8 0-1